01709nam a2200241Ia 4500008004100000020001500041050001900056100003200075240004500107245014400152250001900296260004100315300003100356490005100387500005100438504004800489505077000537650002701307700003301334700003101367700003401398700003501432120625s2001 sp r 001 0 spa d a8480885734 4aHM1221 bC87181 aCutlip, Scott M.e , autor 1 aEffective Public Relations. lEspañol 10aRelaciones públicas eficaces c / Scott M. Cutlip, Allen H. Center, Glen M. Broom ; traducción Eleni Smyrli ; prólogo de Jordi Xifra  a1a. edición  aEspañab : Gestión 2000c , 2001 a666 páginas c ; 24 cm. 0 aClásicos de las Relaciones Públicas v ; 6 aTítulo original: Effective Public Relations  aBibliografía al final de cada capítulo 0 aConcepto, profesionales, contexto y orígenes Introducción a las relaciones públicas contemporáneas Los profesionales de las relaciones públicas Los marcos organizativos Orígenes históricos Ética y profesionalismo Consideraciones legales Fundamentos teóricos: ajuste y adaptación Comunicación y opinión pública Los medios de comunicación y las relaciones con los medios Primer paso: definición de los problemas de relaciones públicas Segundo paso: planificación y programación Tercer paso: acción y comunicación Cuarto paso: evaluación del programa El sector empresarial Gobierno y política Organizaciones sin ánimo de lucro, sanidad y enseñanza Asociaciones empresariales, asociaciones profesionales  4aRELACIONES PÚBLICAS 1 aCenter, Allen H. e , autor 1 aBroom, Glen M. e , autor 1 aXifra, Jordi e , prologuista1 aSmyrli , Eleni e , traductor